000 00596nam a22001577a 4500
003 macl
005 20190521123556.0
008 190521b xxu||||| |||| 00| 0 eng d
040 _cmacl
082 _a891.433/MAD/S
100 _aसम्‍पा मधुदीप
_974877
245 _aमधुकान्‍त की 66 लघुकथाऍं और उनकी पडताल
_bपडाव और पडताल खण्‍ड 23
260 _aदिल्‍ली
_bदिशा प्रकाशन
_c2016
650 _a लघुकथाऍं
_974878
942 _2ddc
_cHIN
999 _c59773
_d59773